[Event "Dortmund Sparkassen op-B"]
[Site "Dortmund"]
[Date "2006.07.30"]
[Round "3"]
[White "Hoffmann, Hanna Dorina"]
[Black "Gronau, Holger"]
[Result "0-1"]
[WhiteElo "841"]
[BlackElo "1610"]
[PlyCount "70"]
[EventDate "2006.07.28"]
[EventType "swiss"]
[EventRounds "9"]
[EventCountry "GER"]
[SourceTitle "CBM 113 Extra"]
[Source "ChessBase"]
[SourceDate "2006.09.14"]
[SourceVersion "1"]
[SourceVersionDate "2006.09.14"]
[SourceQuality "1"]

1. d4 c5 2. Nf3 cxd4 3. Nxd4 d5 4. Nc3 e5 5. Nf3 d4 6. Nb1 Nc6 7. e3 Bg4 8. Bd3 Nf6 9. e4 Be7 10. Bg5 Qa5+ 11. c3 dxc3 12. Nxc3 Rd8 13. 0-0 0-0 14. h3 Bh5 15. Qe2 Nd4 16. Qe3 Nxf3+ 17. gxf3 Bc5 18. Qe2 Be7 19. a4 a6 20. Nd5 Nxd5 21. Bxe7 Nxe7 22. Bc2 Rd2 23. Qc4 Rc8 24. Qb3 Rdxc2 25. Qxb7 R2c7 26. Qb3 Qd2 27. Rad1 Qf4 28. Rd3 Rc1 29. Rfd1 Rxd1+ 30. Qxd1 Qg5+ 31. Kf1 Ng6 32. Qb3 Nf4 33. Rd1 Qg2+ 34. Ke1 Qg1+ 35. Kd2 Qxf2# 0-1